Rozhodnutia Európskeho súdneho dvora vo veci určenia základu DPH s príkladmi
Ako má platiteľ DPH postupovať pri určení základu dane.V článku sú uvedené prípady, ktoré v súvislosti s touto problematikou riešil Európsky súdny dvor (ESD)., závery a konštatovania ktorého majú priamy dopad i na aplikáciu zákona o DPH v SR, keďže rozhodnutia ESD majú precedenčný charakter.
Salvato in:
| Autore principale: | |
|---|---|
| Natura: | Capitolo di libro |
| Lingua: | slovacco |
| Soggetti: | |
| Tags: |
Nessun Tag, puoi essere il primo ad aggiungerne!!
|
MARC
| LEADER | 00000naa$a2200000$$$4500 | ||
|---|---|---|---|
| 001 | 0108605 | ||
| 005 | 20230927074832.4 | ||
| 041 | 0 | |a slo | |
| 044 | |a SK | ||
| 245 | 1 | 0 | |a Rozhodnutia Európskeho súdneho dvora vo veci určenia základu DPH s príkladmi |c Jana Rakovská |
| 520 | |a Ako má platiteľ DPH postupovať pri určení základu dane.V článku sú uvedené prípady, ktoré v súvislosti s touto problematikou riešil Európsky súdny dvor (ESD)., závery a konštatovania ktorého majú priamy dopad i na aplikáciu zákona o DPH v SR, keďže rozhodnutia ESD majú precedenčný charakter. | ||
| 610 | 2 | 0 | |a dane z hodnoty pridanej |
| 610 | 2 | 0 | |a základ dane |
| 610 | 2 | 0 | |a Slovensko |
| 610 | 2 | 0 | |a euroregióny |
| 610 | 2 | 0 | |a Európska únia |
| 100 | 1 | |a Rakovská, Jana | |